000 00353 a2200157 4500
001 59750
020 _a8572630511
040 _cAnchieta - Pituba
100 _aDinis, Júlio
240 1 0 _aAs pupilas do senhor reitor
_lpor
245 1 0 _aAs pupilas do senhor reitor
300 _a227
362 0 _a1994
650 4 _aFicção portuguesa
942 _cBK
999 _c59750
_d59750